El consumo de hortalizas orgánicas (Registro nro. 22829)

Detalles MARC
000 -LEADER
fixed length control field 00344 a2200121 4500
001 - CONTROL NUMBER
control field ART_6744
005 - DATE AND TIME OF LATEST TRANSACTION
control field 20260410161826.0
008 - FIXED-LENGTH DATA ELEMENTS--GENERAL INFORMATION
fixed length control field 260409a
100 1# - MAIN ENTRY--PERSONAL NAME
Personal name Rodriguez, Elsa
245 10 - TITLE STATEMENT
Title El consumo de hortalizas orgánicas
700 1# - ADDED ENTRY--PERSONAL NAME
Personal name Lupín, Beatriz
773 0# - HOST ITEM ENTRY
Title FACES
Related parts - Año 15, Nº 32/33 (ene./dic. 2009)
Record control number REV5046

No hay ítems disponibles.